000 02091nam a2200265Ia 4500
000 02499naaa 00349uu
001 https://directory.doabooks.org/handle/20.500.12854/27195
005 20211222134547.0
008 211013s9999 xx 000 0 und d
024 _a10.14324/111.9781787354845
042 _adc
245 0 _aCritical Perspectives on Cultural Memory and Heritage : Construction, Transformation and Destruction
260 _aLondon
_bUCL Press
_c2020
300 _a1 electronic resource (336 p.)
520 _aCritical Perspectives on Cultural Memory and Heritage focuses on the importance of memory and heritage for individual and group identity, and for their sense of belonging. It aims to expose the motives and discourses related to the destruction of memory and heritage during times of war, terror, sectarian conflict and through capitalist policies. It is within these affected spheres of cultural heritage where groups and communities ascribe values, develop memories, and shape their collective identity. Chapters in the volume address cultural memory and heritage from six global perspectives and contexts: first, the relationship between cultural memory and heritage; second, the effect of urban development and large infrastructure on heritage; third, the destruction of indigenous heritage; fourth, the destruction of heritage in relation to erasing memory during sectarian violence and conflict; fifth, the impact of policymaking on cultural heritage assets; and sixth, a broad reflection on the destruction, change and transformation of heritage in an epilogue by Cornelius Holtorf, archaeologist and Chair of Heritage Futures at UNESCO.
540 _aCreative Commons
653 _amuseum and heritage studies
700 1 _aApaydin, Veysel
700 1 _aApaydin, Veysel
856 _uhttps://directory.doabooks.org/handle/20.500.12854/27195
856 _uhttps://library.oapen.org/bitstream/20.500.12657/22337/1/Critical-Perspectives-on-Cultural-Memory-and-Heritage.pdf
856 _uwww.oapen.org
942 _cE-BOOK
999 _c46025
_d46025